[Event "Vecindario Montalvo Memorial 16th"]
[Site "Vecindario"]
[Date "2024.03.31"]
[Round "9"]
[White "Van Zyl Rudd, Jack"]
[Black "Tytynnik, Artem"]
[Result "1/2-1/2"]
[WhiteElo "2264"]
[BlackElo "2197"]
[PlyCount "47"]
[EventDate "2024.03.23"]
[EventType "swiss"]
[EventRounds "9"]
[EventCountry "ESP"]
[SourceTitle "CB15_2024"]
[SourceDate "2024.04.10"]
[SourceVersion "1"]
[SourceVersionDate "2024.04.10"]
[SourceQuality "1"]

1. d4 Nf6 2. c4 e6 3. Nc3 Bb4 4. Qc2 c5 5. dxc5 0-0 6. a3 Bxc5 7. Nf3 Nc6 8. e3 d5 9. b4 Be7 10. Bb2 dxc4 11. Bxc4 a6 12. Ne4 Nxe4 13. Qxe4 Bf6 14. Rd1 Qe7 15. Ne5 Nxe5 16. Bxe5 Bxe5 17. Qxe5 a5 18. Qb5 axb4 19. axb4 Qc7 20. 0-0 b6 21. Be2 Ba6 22. Qh5 g6 23. Qf3 Bb7 24. Qf6 1/2-1/2

[Event "Calvia Amateur op 20th"]
[Site "Calvia"]
[Date "2023.10.11"]
[Round "5"]
[White "Tytynnik, Artem"]
[Black "Flatebo, Hallvard Haug"]
[Result "1-0"]
[WhiteElo "2187"]
[BlackElo "1932"]
[PlyCount "92"]
[EventDate "2023.10.07"]
[EventType "swiss"]
[EventRounds "9"]
[EventCountry "ESP"]
[SourceTitle "Mega2024 Update 01"]
[Source "Chessbase"]
[SourceDate "2023.11.12"]
[SourceVersion "1"]
[SourceVersionDate "2023.11.12"]
[SourceQuality "1"]

1. d4 Nf6 2. c4 e6 3. g3 d5 4. Nf3 Be7 5. Bg2 0-0 6. 0-0 dxc4 7. Qc2 b5 8. a4 b4 9. Qxc4 Ba6 10. Qc2 Nbd7 11. Rd1 c5 12. Ne5 Rc8 13. Nc6 Qe8 14. Nxa7 Rc7 15. Nb5 Rc8 16. Qd3 cxd4 17. Qxd4 Nc5 18. Qxb4 Nxa4 19. Qxa4 Bxb5 20. Qf4 Bxe2 21. Re1 Bc4 22. Nc3 Qd7 23. Rd1 Nd5 24. Nxd5 exd5 25. Be3 Bf6 26. Bd4 Bxd4 27. Qxd4 Qb5 28. h4 Rb8 29. Rd2 Qb6 30. Qf4 Qe6 31. Kh2 Rb6 32. Ra5 h6 33. Qd4 Ra6 34. Rxa6 Qxa6 35. Bxd5 Bxd5 36. Qxd5 Re8 37. b4 Qf1 38. Ra2 g6 39. Qg2 Qb5 40. Ra8 Rb8 41. Rxb8+ Qxb8 42. Qe4 Qb5 43. Qa8+ Kg7 44. Qa5 Qc4 45. Qe5+ Kf8 46. Qf4 Ke8 1-0

[Event "Calvia Amateur op 20th"]
[Site "Calvia"]
[Date "2023.10.09"]
[Round "3"]
[White "Tytynnik, Artem"]
[Black "Midoux, Sebastien"]
[Result "0-1"]
[WhiteElo "2187"]
[BlackElo "2083"]
[PlyCount "80"]
[EventDate "2023.10.07"]
[EventType "swiss"]
[EventRounds "9"]
[EventCountry "ESP"]
[SourceTitle "Mega2024 Update 01"]
[Source "Chessbase"]
[SourceDate "2023.11.12"]
[SourceVersion "1"]
[SourceVersionDate "2023.11.12"]
[SourceQuality "1"]

1. d4 Nf6 2. c4 g6 3. Nc3 d5 4. cxd5 Nxd5 5. e4 Nxc3 6. bxc3 Bg7 7. Nf3 c5 8. Rb1 0-0 9. Be2 Bg4 10. Be3 Nc6 11. d5 Bxc3+ 12. Kf1 Bxf3 13. Bxf3 Nd4 14. Rxb7 Qa5 15. Be2 Rab8 16. Rxb8 Rxb8 17. a4 Rb2 18. Bd3 Qb4 19. g3 c4 20. Kg2 cxd3 21. Qxd3 Nc2 22. Bc1 Ne1+ 23. Rxe1 Bxe1 24. Bxb2 Qxb2 25. Qe3 Qb4 26. e5 Bd2 27. Qd3 Bc3 28. f4 Bd4 29. Qa6 Bb6 30. Qc8+ Kg7 31. Qc6 Qe4+ 32. Kh3 e6 33. Qd7 Qxd5 34. Qe7 h5 35. Qf6+ Kg8 36. Qe7 Qd8 37. Qb4 Qd3 38. Qe1 Qf5+ 39. Kg2 Qc2+ 40. Kh3 Qxa4 0-1

[Event "Calvia Amateur op 20th"]
[Site "Calvia"]
[Date "2023.10.07"]
[Round "1"]
[White "Tytynnik, Artem"]
[Black "Budhrani, Dhanesh"]
[Result "1-0"]
[WhiteElo "2187"]
[BlackElo "1727"]
[PlyCount "63"]
[EventDate "2023.10.07"]
[EventType "swiss"]
[EventRounds "9"]
[EventCountry "ESP"]
[SourceTitle "Mega2024 Update 01"]
[Source "Chessbase"]
[SourceDate "2023.11.12"]
[SourceVersion "1"]
[SourceVersionDate "2023.11.12"]
[SourceQuality "1"]

1. d4 e6 2. c4 f5 3. g3 Nf6 4. Bg2 d5 5. Nf3 c6 6. 0-0 Bd6 7. b3 Qe7 8. Ne5 0-0 9. Qc2 Bd7 10. Nd3 Nh5 11. Bf3 Be8 12. Bxh5 Bxh5 13. Bf4 g5 14. Bxd6 Qxd6 15. f3 Nd7 16. Qc3 Rad8 17. Nd2 g4 18. Nf4 Nf6 19. Nxh5 Nxh5 20. fxg4 fxg4 21. Rxf8+ Rxf8 22. e4 Qe7 23. Qe3 Rf7 24. Re1 Qf6 25. exd5 exd5 26. cxd5 cxd5 27. Rf1 Qg7 28. Qe8+ Qf8 29. Qe6 Ng7 30. Qxd5 Qe8 31. Ne4 Ne6 32. Nf6+ 1-0

[Event "Alicante Easter op 7th"]
[Site "La Nucia"]
[Date "2023.04.06"]
[Round "2"]
[White "Tytynnik, Artem"]
[Black "Jacobson, Brandon"]
[Result "0-1"]
[WhiteElo "2164"]
[BlackElo "2556"]
[PlyCount "72"]
[EventDate "2023.04.05"]
[EventType "swiss"]
[EventRounds "9"]
[EventCountry "ESP"]
[SourceTitle "CBM 213 Extra"]
[Source "ChessBase"]
[SourceDate "2023.05.31"]
[SourceVersion "1"]
[SourceVersionDate "2023.05.31"]
[SourceQuality "1"]

1. d4 Nf6 2. c4 g6 3. Nc3 Bg7 4. e4 d6 5. Be2 0-0 6. Nf3 e5 7. d5 a5 8. Bg5 h6 9. Bh4 Na6 10. Nd2 Qe8 11. a3 Bd7 12. b3 Nh7 13. Rb1 h5 14. f3 Bh6 15. Bf2 Qe7 16. b4 axb4 17. axb4 h4 18. c5 dxc5 19. bxc5 Nxc5 20. Nc4 Na4 21. d6 Qg5 22. Nd5 cxd6 23. g3 Qd8 24. gxh4 Be6 25. Ncb6 Nxb6 26. Rxb6 Ra2 27. Qb3 Bd2+ 28. Kd1 Ra1+ 29. Kxd2 Rxh1 30. Rxb7 Rxh2 31. Bb6 Qxh4 32. Qd3 Rh1 33. Ne7+ Kh8 34. Qxd6 Qe1+ 35. Ke3 Qg1+ 36. Kd3 Qg5 0-1

[Event "Warsaw Chess op-A"]
[Site "Warsaw"]
[Date "2022.07.23"]
[Round "6"]
[White "Mickiewicz, Piotr"]
[Black "Tytynnik, Artem"]
[Result "1-0"]
[WhiteElo "2284"]
[BlackElo "2186"]
[PlyCount "59"]
[EventDate "2022.07.18"]
[EventType "swiss"]
[EventRounds "9"]
[EventCountry "POL"]
[SourceTitle "CBM 209 Extra"]
[Source "ChessBase"]
[SourceDate "2022.09.30"]
[SourceVersion "1"]
[SourceVersionDate "2022.09.30"]
[SourceQuality "1"]

1. Nf3 d5 2. c4 e6 3. g3 Nf6 4. Bg2 Be7 5. b3 0-0 6. 0-0 b6 7. Bb2 Bb7 8. e3 c5 9. Qe2 Nc6 10. Rd1 Qc7 11. Nc3 Rfd8 12. cxd5 Nxd5 13. Nxd5 Rxd5 14. d4 Rd7 15. dxc5 Bxc5 16. Rxd7 Qxd7 17. Ng5 h6 18. Ne4 Bf8 19. Qg4 Qe7 20. Bf6 Qa3 21. Rd1 Na5 22. Nd6 Bxg2 23. Kxg2 h5 24. Qf3 Rb8 25. Be5 f6 26. Nb5 Qb4 27. Bxb8 Qxb5 28. Rd8 Nc6 29. a4 Qc5 30. Bd6 1-0

[Event "Warsaw Chess op-A"]
[Site "Warsaw"]
[Date "2022.07.18"]
[Round "1"]
[White "Tytynnik, Artem"]
[Black "Rejniak, Zuzanna"]
[Result "1-0"]
[WhiteElo "2186"]
[BlackElo "1813"]
[PlyCount "119"]
[EventDate "2022.07.18"]
[EventType "swiss"]
[EventRounds "9"]
[EventCountry "POL"]
[SourceTitle "CBM 209 Extra"]
[Source "ChessBase"]
[SourceDate "2022.09.30"]
[SourceVersion "1"]
[SourceVersionDate "2022.09.30"]
[SourceQuality "1"]

1. d4 Nf6 2. c4 g6 3. g3 c5 4. d5 d6 5. Bg2 Bg7 6. Nc3 0-0 7. Nf3 e6 8. 0-0 exd5 9. cxd5 a6 10. a4 b6 11. Nd2 Nbd7 12. Nc4 Ne5 13. Nxe5 dxe5 14. h3 Ne8 15. Rb1 Nd6 16. b4 cxb4 17. Rxb4 b5 18. axb5 axb5 19. Be3 Ba6 20. Qb3 Qc7 21. Rc1 Rfc8 22. Nxb5 Qxc1+ 23. Bxc1 Rxc1+ 24. Kh2 Bxb5 25. Rxb5 Nxb5 26. Qxb5 Rd8 27. Qb7 Rc2 28. Qe7 Rcc8 29. h4 Re8 30. Qg5 Rcd8 31. e4 Rd6 32. Bh3 Rf6 33. Kg2 Rb8 34. Qd2 Rd6 35. Qc3 Rbd8 36. h5 g5 37. Bf5 h6 38. Qc7 Bf6 39. Kh3 Bg7 40. Kg4 Bf6 41. Bc8 Bg7 42. Be6 fxe6 43. dxe6 Rxe6 44. Qxd8+ Kh7 45. Kf3 Rf6+ 46. Ke3 Ra6 47. Qe7 Rb6 48. Kd3 Rf6 49. Qa7 Rd6+ 50. Kc3 Rd4 51. Qb6 Kh8 52. Qg6 Kg8 53. f4 exf4 54. e5 Rd1 55. gxf4 gxf4 56. Kc2 Re1 57. e6 f3 58. Qf7+ Kh7 59. e7 f2 60. Qg6+ 1-0

[Event "Lvov Vasylyshyn Memorial-B 18th"]
[Site "Lvov"]
[Date "2021.12.07"]
[Round "4"]
[White "Nurgaliyev, Sauat"]
[Black "Tytynnik, Artem"]
[Result "1-0"]
[WhiteElo "2102"]
[BlackElo "2240"]
[PlyCount "95"]
[EventDate "2021.12.04"]
[EventType "tourn"]
[EventRounds "9"]
[EventCountry "UKR"]
[SourceTitle "CBM 205 Extra"]
[Source "ChessBase"]
[SourceDate "2022.01.31"]
[SourceVersion "1"]
[SourceVersionDate "2022.01.31"]
[SourceQuality "1"]

1. e4 e6 2. d4 d5 3. Nc3 Bb4 4. e5 Ne7 5. a3 Bxc3+ 6. bxc3 c5 7. Qg4 Qc7 8. Bd3 c4 9. Be2 Nf5 10. Nf3 Nc6 11. h4 Bd7 12. Qg5 Rg8 13. h5 h6 14. Qf4 Qa5 15. Bd2 0-0-0 16. Nh4 Nfe7 17. Rh3 g5 18. hxg6 fxg6 19. Qg4 g5 20. Nf3 Nf5 21. Bd1 Kb8 22. Ng1 Be8 23. Qe2 g4 24. Rh1 h5 25. Qf1 h4 26. Ne2 Bd7 27. Nf4 Rdf8 28. Nh5 Ng3 29. fxg3 Rxf1+ 30. Rxf1 h3 31. gxh3 gxh3 32. Nf6 Rg7 33. Rh1 Kc7 34. Rxh3 Ne7 35. g4 Qb6 36. Rc1 Qb2 37. Bh6 Rf7 38. Kd2 Ng6 39. g5 Re7 40. Bh5 Nf4 41. Rh4 Nd3 42. Rhh1 Nxc1 43. Rxc1 Qb5 44. g6 Kd8 45. Bf8 Be8 46. Bxe7+ Kxe7 47. g7 Bf7 48. Bxf7 1-0

[Event "Mersin op 5th"]
[Site "Mersin"]
[Date "2021.11.21"]
[Round "9"]
[White "Tytynnik, Artem"]
[Black "Mozharov, Mikhail"]
[Result "0-1"]
[WhiteElo "2241"]
[BlackElo "2558"]
[PlyCount "126"]
[EventDate "2021.11.16"]
[EventType "swiss"]
[EventRounds "9"]
[EventCountry "TUR"]
[SourceTitle "CBM 205 Extra"]
[Source "ChessBase"]
[SourceDate "2022.01.31"]
[SourceVersion "1"]
[SourceVersionDate "2022.01.31"]
[SourceQuality "1"]

1. d4 Nf6 2. c4 e6 3. g3 d5 4. Nf3 dxc4 5. Bg2 c6 6. Ne5 Bb4+ 7. Nc3 Nd5 8. Bd2 Nb6 9. Ne4 Bxd2+ 10. Qxd2 0-0 11. Rc1 Qe7 12. Nxc4 Rd8 13. Ne5 f6 14. Nf3 e5 15. Qc3 Nd5 16. Qb3 exd4 17. Nxd4 Qb4+ 18. Qxb4 Nxb4 19. Nc2 Nxc2+ 20. Rxc2 Na6 21. a3 Kf8 22. 0-0 Bf5 23. Rc4 Be6 24. Rc3 Rd7 25. b4 Rad8 26. h3 Rd4 27. e3 Rd3 28. Rfc1 Rd1+ 29. Rxd1 Rxd1+ 30. Kh2 Ke7 31. Bf3 Ra1 32. g4 Bd5 33. Kg2 Nc7 34. Nc5 b6 35. e4 Nb5 36. Rc2 Nxa3 37. Rc3 Nb5 38. Rc2 Bf7 39. Nb7 Be8 40. e5 fxe5 41. Re2 Ke6 42. Nd8+ Kd6 43. Nb7+ Kd7 44. Rxe5 Bg6 45. Re2 Ra3 46. Re1 Rd3 47. Rc1 Nd4 48. Bd1 Kc7 49. Nc5 bxc5 50. bxc5 Be4+ 51. Kh2 a5 52. Ra1 g5 53. h4 gxh4 54. g5 Nf3+ 55. Bxf3 Rxf3 56. Rxa5 Rxf2+ 57. Kh3 Rf4 58. Ra7+ Kb8 59. Re7 Bf5+ 60. Kh2 Rf2+ 61. Kg1 Rd2 62. Rf7 Bg6 63. Re7 Rd5 0-1

[Event "Larnaca OFIS op 2nd"]
[Site "Larnaca"]
[Date "2021.10.27"]
[Round "6"]
[White "Tytynnik, Artem"]
[Black "Soubirou, Oriane"]
[Result "1-0"]
[WhiteElo "2241"]
[BlackElo "2099"]
[PlyCount "117"]
[EventDate "2021.10.22"]
[EventType "swiss"]
[EventRounds "9"]
[EventCountry "CYP"]
[SourceTitle "CBM 204 Extra"]
[Source "ChessBase"]
[SourceDate "2021.11.30"]
[SourceVersion "1"]
[SourceVersionDate "2021.11.30"]
[SourceQuality "1"]

1. d4 Nf6 2. c4 c5 3. d5 g6 4. Nc3 d6 5. Nf3 Bg7 6. e4 0-0 7. Be2 e6 8. 0-0 exd5 9. cxd5 Re8 10. Nd2 Nbd7 11. f4 c4 12. e5 dxe5 13. Nxc4 Nb6 14. d6 Nxc4 15. Bxc4 Qb6+ 16. Kh1 Bg4 17. Qb3 Qxb3 18. axb3 e4 19. Be3 a6 20. Bb6 Bd7 21. h3 Bc6 22. b4 Nd7 23. Bc7 Bd4 24. Rad1 Bb6 25. Nd5 Bxd5 26. Bxd5 Ra7 27. f5 g5 28. Bb3 Be3 29. g3 Re5 30. Kg2 b5 31. Bd5 Bb6 32. Bc6 Bxc7 33. dxc7 Rxc7 34. Bxd7 e3 35. Rfe1 Rc2+ 36. Kf3 e2 37. Rd3 Kg7 38. Re3 Rd5 39. Be8 Rxf5+ 40. Kg4 Rf2 41. Kxg5 h6+ 42. Kh4 Rxb2 43. g4 Rxb4 44. Kg3 Rf6 45. R1xe2 Rb1 46. Bd7 b4 47. Bf5 Ra1 48. Re1 Ra2 49. Re8 a5 50. Rb8 Rd6 51. Rb7 Ra3+ 52. Kh4 b3 53. Ree7 Rf6 54. Re8 a4 55. Rbb8 Rc6 56. g5 hxg5+ 57. Kxg5 f6+ 58. Kh5 Kf7 59. Bg6+ 1-0

[Event "Larnaca OFIS op 2nd"]
[Site "Larnaca"]
[Date "2021.10.27"]
[Round "4"]
[White "Tytynnik, Artem"]
[Black "Van der Meijden, Martien"]
[Result "1-0"]
[WhiteElo "2241"]
[BlackElo "2064"]
[PlyCount "115"]
[EventDate "2021.10.22"]
[EventType "swiss"]
[EventRounds "9"]
[EventCountry "CYP"]
[SourceTitle "CBM 204 Extra"]
[Source "ChessBase"]
[SourceDate "2021.11.30"]
[SourceVersion "1"]
[SourceVersionDate "2021.11.30"]
[SourceQuality "1"]

1. d4 d5 2. c4 e6 3. Nf3 c6 4. Qc2 Nf6 5. g3 Ne4 6. Bg2 Nd7 7. 0-0 f5 8. b3 Ndf6 9. Ne5 Be7 10. f3 Nd6 11. c5 Nf7 12. Nd3 0-0 13. Bb2 Ng5 14. Nd2 Bd7 15. Rae1 g6 16. Qc1 Nh5 17. e4 Bf6 18. a4 Qc7 19. e5 Be7 20. Nb1 Rfb8 21. Bc3 a5 22. Bd2 Nf7 23. g4 Ng7 24. Be3 b5 25. Nd2 Bc8 26. Qc2 b4 27. Kh1 Ba6 28. Rg1 Bxd3 29. Qxd3 Rf8 30. Bh3 Ng5 31. Bg2 Nf7 32. Bf1 Qd8 33. Qc2 Bh4 34. Re2 fxg4 35. fxg4 Ng5 36. Bg2 Ra7 37. Rf1 Raf7 38. Rxf7 Rxf7 39. Qd3 Rf8 40. Qa6 Qc7 41. Bxg5 Bxg5 42. Nf3 Bd8 43. Rf2 Qd7 44. Rf1 Qc7 45. Kg1 Qd7 46. Ne1 Rxf1+ 47. Bxf1 Kf7 48. Qa8 Qc7 49. Ba6 Ke7 50. Nf3 Kd7 51. Be2 Qc8 52. Qa7+ Qc7 53. Qa6 Ke8 54. Kg2 Kf7 55. Bb5 cxb5 56. axb5 Qb8 57. b6 h5 58. Ng5+ 1-0

[Event "Myrhorod op"]
[Site "Myrhorod"]
[Date "2011.07.14"]
[Round "9"]
[White "Tytynnik, Artem"]
[Black "Nikolaev, Leonid"]
[Result "1/2-1/2"]
[WhiteElo "2234"]
[BlackElo "2342"]
[PlyCount "91"]
[EventDate "2011.07.09"]
[EventType "swiss"]
[EventRounds "9"]
[EventCountry "UKR"]
[SourceTitle "CBM 143 Extra"]
[Source "ChessBase"]
[SourceDate "2011.08.29"]
[SourceVersion "1"]
[SourceVersionDate "2011.08.29"]
[SourceQuality "1"]

1. d4 Nf6 2. c4 g6 3. Nc3 Bg7 4. e4 0-0 5. Nf3 d6 6. Be2 c5 7. d5 e6 8. Nd2 Re8 9. 0-0 Na6 10. f4 exd5 11. cxd5 Nc7 12. Bf3 Rb8 13. Nc4 b5 14. Na5 Bd7 15. e5 dxe5 16. fxe5 Rxe5 17. Bf4 Rf5 18. Bg3 b4 19. Ne2 Ncxd5 20. Qb3 Qxa5 21. Bxb8 Qb6 22. Kh1 Qxb8 23. Bxd5 Rxd5 24. Rxf6 Be6 25. Nf4 Rf5 26. Rxe6 fxe6 27. Nxe6 Kh8 28. Rd1 Bf6 29. h3 Re5 30. Qg3 Qe8 31. Rd8 Rxe6 32. Rxe8+ Rxe8 33. b3 Bd4 34. Qh4 a5 35. Kh2 Kg7 36. Qg4 Re7 37. Kg3 h5 38. Qc8 g5 39. Qd8 Re3+ 40. Kh2 Bf6 41. Qd2 Bd4 42. g3 h4 43. g4 Kh6 44. Qc2 Rf3 45. Qe4 Rf2+ 46. Kh1 1/2-1/2

[Event "Myrhorod op"]
[Site "Myrhorod"]
[Date "2011.07.13"]
[Round "7"]
[White "Nesterets, Anatoliy"]
[Black "Tytynnik, Artem"]
[Result "1/2-1/2"]
[WhiteElo "2430"]
[BlackElo "2234"]
[PlyCount "109"]
[EventDate "2011.07.09"]
[EventType "swiss"]
[EventRounds "9"]
[EventCountry "UKR"]
[SourceTitle "CBM 143 Extra"]
[Source "ChessBase"]
[SourceDate "2011.08.29"]
[SourceVersion "1"]
[SourceVersionDate "2011.08.29"]
[SourceQuality "1"]

1. e4 e6 2. d4 d5 3. Nd2 Nf6 4. e5 Nfd7 5. f4 c5 6. c3 Nc6 7. Ndf3 Qb6 8. g3 cxd4 9. cxd4 Bb4+ 10. Kf2 g5 11. fxg5 Ndxe5 12. Nxe5 Nxe5 13. Kg2 Nc6 14. Nf3 Bf8 15. b3 Bg7 16. Bb2 Bd7 17. Rc1 0-0-0 18. Bd3 Kb8 19. Qd2 Ka8 20. Qf4 Be8 21. Bb1 h6 22. h4 hxg5 23. hxg5 Qb5 24. Kf2 e5 25. dxe5 Rxh1 26. Rxh1 d4 27. e6 fxe6 28. Qc7 Bf8 29. Be4 Qb6 30. Qxb6 axb6 31. Rh8 Be7 32. g6 Bf6 33. Rf8 Ne5 34. Nxe5 Bxe5 35. Rg8 Rb8 36. g7 Bf7 37. Rf8 Bg8 38. g4 Bxg7 39. Rxb8+ Kxb8 40. Ba3 Kc7 41. Ke2 e5 42. g5 Bf7 43. Kd3 Be8 44. Bh7 Bc6 45. Bf5 Kd8 46. Bb4 Bd5 47. Bg6 Kd7 48. Bf5+ Kc7 49. Be7 b5 50. Bc5 Bg2 51. Be7 Bf1+ 52. Kd2 Bg2 53. Kd3 Bf1+ 54. Kd2 Bg2 55. Kd3 1/2-1/2

[Event "Myrhorod op"]
[Site "Myrhorod"]
[Date "2011.07.12"]
[Round "6"]
[White "Tytynnik, Artem"]
[Black "Grinev, Valeriy"]
[Result "1/2-1/2"]
[WhiteElo "2234"]
[BlackElo "2379"]
[PlyCount "83"]
[EventDate "2011.07.09"]
[EventType "swiss"]
[EventRounds "9"]
[EventCountry "UKR"]
[SourceTitle "CBM 143 Extra"]
[Source "ChessBase"]
[SourceDate "2011.08.29"]
[SourceVersion "1"]
[SourceVersionDate "2011.08.29"]
[SourceQuality "1"]

1. d4 Nf6 2. c4 c5 3. d5 e6 4. Nc3 exd5 5. cxd5 d6 6. Nf3 g6 7. Nd2 Nbd7 8. e4 Bg7 9. Be2 0-0 10. f4 Re8 11. 0-0 a6 12. a4 h5 13. Bf3 Rb8 14. Nc4 Nb6 15. Ne3 Bd7 16. Kh1 Nc8 17. a5 b5 18. axb6 Rxb6 19. f5 Bb5 20. Rf2 Rb7 21. g4 hxg4 22. Bxg4 g5 23. Bf3 Nb6 24. Rg2 Nh7 25. h4 Kf8 26. Qg1 Bf6 27. Ng4 Bd4 28. Be3 Bxe3 29. Qxe3 Nc4 30. Qc1 f6 31. Be2 Ne5 32. Qf1 gxh4 33. Nxb5 axb5 34. Bxb5 Rg7 35. Nxe5 Rxe5 36. Bc6 Kf7 37. Ra8 Qb6 38. Be8+ Rxe8 39. Rxg7+ Kxg7 40. Rxe8 Ng5 41. Qe2 Qb3 42. Qg4 1/2-1/2

[Event "Myrhorod op"]
[Site "Myrhorod"]
[Date "2011.07.09"]
[Round "2"]
[White "Tytynnik, Artem"]
[Black "Naboka, Sergey"]
[Result "1-0"]
[WhiteElo "2234"]
[BlackElo "2140"]
[PlyCount "125"]
[EventDate "2011.07.09"]
[EventType "swiss"]
[EventRounds "9"]
[EventCountry "UKR"]
[SourceTitle "CBM 143 Extra"]
[Source "ChessBase"]
[SourceDate "2011.08.29"]
[SourceVersion "1"]
[SourceVersionDate "2011.08.29"]
[SourceQuality "1"]

1. d4 Nf6 2. Nf3 g6 3. c4 Bg7 4. Nc3 0-0 5. e4 d6 6. Be2 e5 7. Be3 Ng4 8. Bg5 f6 9. Bh4 g5 10. Bg3 Nh6 11. Qd2 g4 12. Ng1 Nc6 13. d5 Nd4 14. h3 gxh3 15. Nxh3 f5 16. f3 fxe4 17. Nxe4 Nhf5 18. Bf2 c6 19. Nhg5 h6 20. Nh3 cxd5 21. cxd5 Bd7 22. Rc1 Nxe2 23. Kxe2 Bb5+ 24. Ke1 Qd7 25. Ng1 Rac8 26. Ne2 Rxc1+ 27. Nxc1 Nd4 28. Nb3 Nxb3 29. axb3 Ba6 30. Be3 Qb5 31. Nxd6 Qd3 32. Qxd3 Bxd3 33. Nxb7 Rb8 34. Nc5 Bc2 35. Bxh6 Rb5 36. Bxg7 Rxc5 37. Bxe5 Rxd5 38. Rh8+ Kf7 39. Bc3 a6 40. Rh6 Bd3 41. g4 Bb5 42. Kf2 Rd3 43. g5 Rd8 44. g6+ Ke7 45. f4 Bd3 46. Ke3 Bc2 47. g7 Kf7 48. Rxa6 Bxb3 49. f5 Bd5 50. Rf6+ Kg8 51. Rh6 Kf7 52. Rh8 Re8+ 53. Kf4 Bb3 54. Kg5 Rg8 55. Kh6 Bc2 56. Rxg8 Kxg8 57. Kg6 Bb3 58. Kf6 Bc4 59. Ke7 Bd5 60. b4 Bc4 61. f6 Bd5 62. b5 Bc4 63. b6 1-0